| 000 | 00628nam a2200229 a 4500 | ||
|---|---|---|---|
| 001 | 73325 | ||
| 003 | BD-RjUL | ||
| 005 | 20211209082400.0 | ||
| 008 | 170530s1954 ii a 001 0 eng | ||
| 035 | _a(BD-RjUL)73543 | ||
| 040 |
_aDLC _cNNepaSU _dBD-RjUL _beng |
||
| 041 | _aeng | ||
| 082 |
_223 _a630.954 _bCEB 1954 |
||
| 100 | 1 |
_aMayadas, Cedric. _9216901 |
|
| 245 | 1 | 0 |
_aBetween us and hunger. / _cC. Mayadas |
| 260 |
_aBombay : _bOxford University Press, _c1954. |
||
| 300 |
_a156 p. : _bill. ; _c23 cm. |
||
| 500 | _aIncludes index | ||
| 650 | 0 |
_aAgriculture _zIndia. _9216902 |
|
| 942 |
_2ddc _cBK |
||
| 999 |
_c73325 _d73325 |
||